00548 2200169 4500001002100000005001500021035002000036245007900056100001800135250001700153300007500170260006800245082001200313084001800325020002200343600001300365INLIS00000000000150520250117080615 a0010-01250000661 aKacang Tanah :bInovasi Teknologi dan Pengembangan Produk /cAstanto Kasno0 aAstanto Kasno aCetakan 2015 a448 hal :bvi, 448 hlm.; ilus.; tab.; 18 x 25 cm ;c25 cmeBibliografi aMalang :bBalai Penelitian Tanaman Aneka Kacang dan Umbi,c2015 a633.3.4 a633.3.4 AST k a978-602-95497-7-5 4aMonograf